000 01521nam a2200241 a 4500
001 000020250
005 20200929170331.0
008 091118s1992 dr ab 000 0 spa d
040 _aDO-SdBNP
_bspa
_cBNPHU
082 _axxxx
_bxxxx
100 1 _aRamírez Báez, Ramón O.
_942867
245 1 0 _aEstudios sociales 5 :
_beducación primaria /
_cRamón O. Ramírez Báez ; revisado y actualizado por Rafael A. González ; dirección técnica Yolanda R de Sánchez ; ilustración Liliana P. de Lantigua.
250 _a7ma. ed.
260 _aSanto Domingo :
_bDisesa,
_c1992
_fCorripio
300 _a152 p :
_bil., maps. ;
_c27 cm.
500 _aEducación primaria
500 _aAprobado y recomendado para ser utilizado como texto básico, educación primaria, mediante oficio No. 6695 de fecha 29 de julio de 1985, por la Secretaría de Educación, Bellas Artes y Cultos.
500 _aLa biblioteca solamente posee el volumen 5.
505 0 _gv. 5 :
_gunidad 1 --
_tEl paisaje geográfico y su influencia en los modos de via del hombre americano --
_gunidad 2 --
_tLa isla de Santo Domingo y el resto de América son conquistadas y colonizadas por los europeos --
_gunidad 3 --
_tLos países de América luchan por lograr su independencia y consolidar su soberanía --
_gunidad 4 --
_tLos países americanos se organizan y se rigen a través de la constitución --
700 1 _aGonzález, Rafael A.
_eRev. Act.
_942866
700 1 _aR. de Sánchez, Yolanda
_edir. tec.
_942863
700 1 _aP. de Lantigua, Liliana
_eil.
_942864
999 _c19755
_d19755